Assessment of technical competence (Record no. 108245)

MARC details
000 -LEADER
fixed length control field 00978cam a22002175a 4500
001 - CONTROL NUMBER
control field E143696
008 - FIXED-LENGTH DATA ELEMENTS--GENERAL INFORMATION
fixed length control field 080528s2007 xxk f 000 0 eng d
035 ## - SYSTEM CONTROL NUMBER
System control number (Sirsi) u143696
041 0# - LANGUAGE CODE
Language code of text/sound track or separate title eng
050 04 - LIBRARY OF CONGRESS CALL NUMBER
Classification number 333.3307 $2 18
110 2# - MAIN ENTRY--CORPORATE NAME
Corporate name or jurisdiction name as entry element Royal Institution of Chartered Surveyors
9 (RLIN) 4900
245 00 - TITLE STATEMENT
Title Assessment of technical competence
Remainder of title guide for supervisors, counsellors and emplyers - structured training
260 ## - PUBLICATION, DISTRIBUTION, ETC.
Place of publication, distribution, etc. London
Name of publisher, distributor, etc. RICS
Date of publication, distribution, etc. 2007
300 ## - PHYSICAL DESCRIPTION
Extent 15p.
Dimensions 30cm.
505 2# - FORMATTED CONTENTS NOTE
Formatted contents note Introduction -- Overview of the ATC -- The supervisor and counsellor -- The competencies -- Online ethics exercise -- The final assessment -- Your role: a chronology -- Where to find help
520 ## - SUMMARY, ETC.
Summary, etc. Outlines the requirements of the Assessment of Technical Competence from the perspective of supervisors and employers.
650 24 - SUBJECT ADDED ENTRY--TOPICAL TERM
Topical term or geographic name entry element ATC
651 #4 - SUBJECT ADDED ENTRY--GEOGRAPHIC NAME
Geographic name United Kingdom
Chronological subdivision
690 ## - LOCAL SUBJECT ADDED ENTRY--TOPICAL TERM (OCLC, RLIN)
Topical term or geographic name as entry element CAREERS, EDUCATION AND TRAINING-QUALIFICATION ROUTES-ASSESSMENT OF PROFESSIONAL COMPETENCE
942 ## - ADDED ENTRY ELEMENTS (KOHA)
Suppress in OPAC 0
Holdings
Withdrawn status Lost status Source of classification or shelving scheme Damaged status Not for loan Home library Current library Shelving location Date acquired Total Checkouts Full call number Barcode Date last seen Copy number Price effective from Koha item type
    Dewey Decimal Classification     London London RICS Boxes 13/06/2011   RICS 2007/78 30075583 06/08/2019 1 06/08/2019 Archive
    Dewey Decimal Classification     London London Books 11/08/2011   RICS 2007/78 30075797 06/08/2019 4 06/08/2019 Book
    Dewey Decimal Classification     London London Books 11/08/2011   RICS 2007/78 30075793 06/08/2019 5 06/08/2019 Book